Art maya du Méxique et du Guatémala: ancient empire
Gespeichert in:
| 1. Verfasser: | |
|---|---|
| Format: | Buch |
| Sprache: | Französisch |
| Veröffentlicht: |
París
Éditions de la Cyme
1950
|
| Schlagworte: | |
| Tags: |
Tag hinzufügen
Keine Tags, Fügen Sie den ersten Tag hinzu!
|
MARC
| LEADER | 00000nam a2200000 a 4500 | ||
|---|---|---|---|
| 001 | UCI7693 | ||
| 003 | CL-VaPUC | ||
| 008 | 080718e19500000FR |||||||||||||||||fre|d | ||
| 082 | 0 | 4 | |a 972.004 |b MED |2 21 |
| 100 | |a Médioni, Gilbert |e autor |9 530973 | ||
| 245 | 1 | 0 | |a Art maya du Méxique et du Guatémala: ancient empire |
| 300 | |a 112 p | ||
| 942 | |c BK | ||
| 945 | |d 20080718 00:00:00 |a jtorresc | ||
| 260 | |a París |b Éditions de la Cyme |c 1950 | ||
| 650 | 0 | |a Civilizaciones antiguas |9 265998 | |
| 650 | 0 | |a Arte maya |9 363792 | |
| 650 | 0 | |a Arquitectura maya |9 265008 | |
| 583 | |a last modification |c 20080718 00:00:00 |k Rodrigo Vera | ||
| 999 | |c 330878 |d 330876 | ||
| 952 | |0 0 |1 0 |4 0 |6 972_004000000000000_MED_1950 |7 0 |8 X |9 416791 |a FDOMLP |b FDOMLP |d 2019-11-22 |i 4310667 |o 972.004 MED 1950 |p 4310667 |r 2019-11-22 |w 2019-11-22 |y BK_X |k BU2 | ||